Cinque i più alti Paesi Caso Covid-19 per Continente - Statistics

Statistiche generali
  • Questo quiz è stato fatto 100 volte
  • Il punteggio medio è 22 su 29
Statistiche sulle risposte
continente nazione % Corretto
Europa Italia
100%
Europa / Oceania Francia
99%
Asia Cina
96%
Sud America Brasile
95%
Nord America Stati Uniti
95%
Nord America Canada
94%
Europa Spagna
94%
Nord America Messico
93%
Oceania Australia
90%
Europa Regno Unito
89%
Europa Russia
89%
Sud America Colombia
86%
Sud America Cile
85%
Oceania Nuova Zelanda
85%
Asia India
83%
Sud America Perù
81%
Africa Sudafrica
76%
Africa Egitto
74%
Africa Algeria
69%
Sud America Ecuador
67%
Africa Nigeria
61%
Nord America Panama
61%
Asia Iran
58%
Oceania Papua Nuova Guinea
56%
Asia Turchia
50%
Oceania Figi
48%
Asia Arabia Saudita
44%
Nord America Repubblica Dominicana
37%
Africa Ghana
26%
Nessun quiz corrispondente trovato
Distribuzione punteggi
Percentuale di utenti per punteggio
Percentile per numero di risposta
I tuoi punteggi nel tempo
Non hai fatto questo quiz